Časové rozlíšenie nákladov a výnosov v účtovníctve ROPO a obcí

Zásady účtovania a účtové zobrazenie nákladov, výnosov a časového rozlíšenia nákladov a výnosov. Ilustračné príklady.

Gespeichert in:
Bibliographische Detailangaben
1. Verfasser: Kicová, Marianna
Format: Buchkapitel
Sprache:Slowakisch
Schlagworte:
Tags: Tag hinzufügen
Keine Tags, Fügen Sie das erste Tag hinzu!

MARC

LEADER 00000naa$a2200000$$$4500
001 0086631
005 20240502071959.0
041 0 |a slo 
044 |a SK 
245 1 0 |a Časové rozlíšenie nákladov a výnosov v účtovníctve ROPO a obcí  |c Marianna Kicová 
520 |a Zásady účtovania a účtové zobrazenie nákladov, výnosov a časového rozlíšenia nákladov a výnosov. Ilustračné príklady. 
610 2 0 |a náklady 
610 2 0 |a výnosy 
610 2 0 |a správa verejná 
610 2 0 |a obce 
610 2 0 |a účtovníctvo 
100 1 |a Kicová, Marianna